MDQL
is popping MORE tags! Check the
thread
!
Quizzes
Events
Quiz Creation
Community
Videos
Private Events
Remove Ads
Sign In
Join for FREE
Feedback
Dark Mode
Quiz Categories
Sports
Geography
Music
Movies
Television
Just For Fun
Miscellaneous
History
Literature
Language
Science
Gaming
Entertainment
Religion
Holiday
For Kids
Quiz Lab
Recent
Popular Today
Quiz Kudos Today
Editor Picks
Curator Picks
Quizzes by...
Day
Popularity
Type
Ratings
Length
Year
Community
Subscriptions
Recent Discussions
Orange Saloon
Badges
Playlists
Quests
Create
Leaderboards
Showdown
Live 5
Trivia Bingo
Activity
Puzzle Library
Sporcle Events
Private Events
Virtual Trivia
Globe League
Become a Host
Pub Owners
SporcleCon
Opinionation
Our Games
Videos
Blog
Mobile Apps
Partnerships
Remove Ads and Go Orange
Feedback
Sports
Athletes
MLB
NBA
NHL
NFL
Soccer
Sports Teams
WWE
NCAA
Football
Premier League
Basketball
Baseball
Hockey
Golf
Tennis
Cricket
Rugby
Auto Racing
Olympics
World Cup
Sports
Athletes
MLB
NBA
NHL
NFL
Soccer
Sports Teams
WWE
NCAA
Football
Premier League
Basketball
Baseball
Hockey
Golf
Tennis
Cricket
Rugby
Auto Racing
Olympics
World Cup
Random Quiz
Search Sporcle
×
Quiz Lab
Quiz Lab
Sports
College
Type in answers that appear in a list
Type in answers that appear in a list
Classic
Best Score? Go Orange.
1991 NFL Draft First Round Stats
Can you name the first round draft picks of the 1991 NFL Draft?
By
30wedge
10m
27 Questions
269 Plays
269 Plays
269 Plays
Comments
Comments
Give Quiz Kudos
Give Quiz Kudos
-
- Ratings
hide this ad
Replay
Link that replays current quiz
Next Quiz
Link to next quiz in quiz playlist
You Got
0%
They Got
Avg Score
52%
Avg Friend Score
Upgrade to see
Score Distribution
Jump to the score distribution portion of the page
Score
0/27
Timer
10:00
0
Plays Today
Team (Pick)
Name
% Correct
Cowboys (1)
Russell Maryland
92.9%
Raiders (24)
Todd Marinovich
81%
Lions (10)
Herman Moore
77.3%
Seahawks (16)
Dan McGwire
77.3%
Bengals (18)
Alfred Williams
75.1%
Chiefs (21)
Harvey Williams
75.1%
Cowboys (12)
Alvin Harper
70.3%
Bills (26)
Henry Jones
67.3%
Browns (2)
Eric Turner
62.5%
Cardinals (6)
Eric Swann
62.1%
Rams (5)
Todd Lyght
59.1%
Broncos (4)
Mike Croel
52.4%
Eagles (8)
Antone Davis
50.2%
Falcons (3)
Bruce Pickens
48.3%
Team (Pick)
Name
% Correct
Dolphins (23)
Randal Hill
48.3%
Patriots (14)
Leonard Russell
46.8%
Bears (22)
Stan Thomas
43.5%
Giants (27)
Jarrod Bunch
43.1%
Falcons (13)
Mike Pritchard
41.3%
Chargers (9)
Stanley Richard
40.1%
Patriots (11)
Pat Harlow
33.1%
49ers (25)
Tedd Washington
32%
Buccaneers (7)
Charles McRae
30.9%
Steelers (15)
Huey Richardson
30.9%
Redskins (17)
Bobby Wilson
30.9%
Packers (19)
Vinnie Clark
25.7%
Cowboys (20)
Kelvin Pritchett
23%
Quiz Playlist
Details
Report
Send in Message
Add To Playlist
Classic:
Type in answers that appear in a list
Quiz Source
Last Updated: Feb 16, 2017
Quiz Scoreboard
CHALLENGE
Sign Up to Join the Scoreboard
Show All
Scores
Hide
Comments
May contain spoilers
Recently Published
Two Season TV Shows II
by 123Four
Television
10m
Image Sorting: Flags VI
by Barbecue
Geography
2m
Find the 'City' Movie
by crazypaving
Movies
60s
More to Explore
Quiz From the Vault
Featured Blog Post
14 Easter Pick-up Lines to Find Eggs With
hide this ad
You Might Also Like...
Tags
College Quiz
NFL Quiz
1991
Draft
round
team
Today's Top Quizzes in Sports
Browse Sports
hide this ad
Today's Top Quizzes in College
Browse College
Top Contributed Quizzes in Sports
1
Les meilleurs buteurs des matchs entre le PSG et l’OM
2
Les entraîneurs de l'OM et du PSG au 21e siècle
3
2022 World Cup Stars
4
Les joueurs passés par le PSG et l'OM
5
Players with Multiple 50 Home Run Seasons
6
FIFA Club World Cup Champions
7
Criteria MLB: Left Handed Sluggers
8
Les joueurs passés par le LOSC et le RC Lens
9
Top 10 NHL Goal Scorers of All Time
10
MLB Players with Two .350 Batting Average Seasons
Explore More
Trending Topics
Kpop
Marvel
NBA
Anime
Disney
Harry Potter
Crossword
Pokémon
Country
Puzzle
Song
Soccer
The Office
NFL
WWE
hide this ad
More By:
30wedge
Quiz
Plays
Rating
Category
Featured
Created
2006 NFL Draft first round
3,694
4.33
Sports
May 11, 2012
2004 NFL Draft first round
1,199
4.22
Sports
May 9, 2012
2016 NFL Draft first round
1,105
5.00
Sports
Apr 12, 2017
2012 NFL Draft first round
1,069
5.00
Sports
Apr 27, 2012
2007 NFL Draft first round
1,043
5.00
Sports
May 15, 2012
Go to Creator's Profile
Score Distribution
Quiz Creator Spotlight
30wedge
Follow
Send a Message
Quizzes Created
-
Created Quiz Play Count
-
More By This Creator
Popular Quizzes Today
1
Find the US States - No Outlines Minefield
2
Colored Red Africa Blitz
3
Find the 'City' Movie
4
5x2 Blitz: Bands
5
The Countries of the World
6
Find the Countries of Europe - No Outlines Minefield
7
Find the US States
8
US States
More Sports Quizzes
International Footballers: Identify the Ivorians
Quiz Lab
Trending Quizzes
Colored Red Europe Blitz I
Colored Red Africa Blitz II
Colored Red Europe Blitz II
Colored Red Europe Blitz III
Colored Red Africa Blitz III
Recently Updated
How Do You Spell That?
pecheneg
Godzilla Movies
pecheneg
Grab Bag: 4-10 Letters
pecheneg
2024 March Madness Bracket
pecheneg
Famous TV Couples
Peacemaker
Champions League XIs: Real Madrid
pecheneg
Largest US Cities 1790-2010
pecheneg
Rides in Walt Disney World
pecheneg
Most Oscar Losses (Acting)
pecheneg
Beyoncé Albums
pecheneg
Trending Topics
Marvel
Anime
NBA
Harry Potter
Disney
Kpop
Crossword
Soccer
Country
Song
Pokémon
Puzzle
NFL
The Office
WWE
Your Account Isn't Verified!
In order to create a playlist on Sporcle, you need to verify the email address you used during registration. Go to your
Sporcle Settings
to finish the process.
Report this User
Report this user for behavior that violates our
Community Guidelines
.
Details:
Send Report
Go to the Sporcle.com Mobile Site →
Comments